00734nam a2200217 a 450000100060000000300080000600500170001400800410003103500190007204000270009104100130011808200220013110000310015324500890018426000350027330000260030850001110033450000400044565000100048565000210049570193BD-RjUL20211209081955.0170416s1954 enk b 000 0 eng d a(BD-RjUL)70406 aWVUcWVUbengdBD-RjUL1 aenghfre 223a394bMAG 19541 aMauss, Marcel,d1872-1950.14aThe gift :bforms and functions of exchange in archaic societies /cby Marcel Mauss. aLondon :bCohen & West,c1954. axiv, 130 p. ;c23 cm. aTranslation of Essai sur le don [1925] as published in Sociologie et anthropologie (Paris : P.U.F., 1950). aIncludes bibliographical references 0aGifts 0aSocial structure